000 00754nam a2200193 i 4500
001 133652
003 ES-MaACL
005 20230906194504.0
007 t|
008 070823s1970 sp ||||1| spa d
100 1 _aWoods, Daniel E.
_9117335
245 1 0 _aLa Colonia romana de Pollentia
_b: comunicación presentada al Symposium "Nuevas Investigaciones Insulares" Deyá, Mallorca, 20 de julio de 1969 /
_cpor Daniel E. Woods ; traducción Kevin Woods y Bárbara Ham.
260 _aPalma de Mallorca :
_bMascaró Pasarius,
_c1970.
300 _a16 p. :
_bil. ;
_c25 cm.
651 4 _aBaleares (Comunidad Autónoma)-
_xHistoria.
_97858
700 1 _aWoods, Kevin.
_9117339
700 1 _aHam, Bárbara.
_961634
852 _aES-MaACL
_j2075-F-25
_bR.75270
999 _c133652
_d133652